000
00313nam a22001337a 4500
008
170621b xxu||||| |||| 00| 0 eng d
020
_a
9780520065536
041
_a
eng
080
_a
32
100
_a
20
101
_a
SHP
245
_a
WOMEN CULTURE, AND POLITICS IN LATIN AMERICA
_c
BERGMANN,E
942
_2
udc
_c
BK
999
_c
18557
_d
18557